| 000 | 00374nam a22001577a 4500 | ||
|---|---|---|---|
| 003 | CEME | ||
| 005 | 20210628203349.0 | ||
| 008 | 210115b xxu||||| |||| 00| 0 eng d | ||
| 040 | _cceme | ||
| 082 | _a44573 | ||
| 100 |
_aMuhammad Iqbal, Allama _964993 |
||
| 245 | _aIqbal (english version) | ||
| 260 |
_bFEROZ SONS _c2005 |
||
| 650 |
_aIQBALIAT _964994 |
||
| 942 |
_cBK _2ddc |
||
| 999 |
_c573331 _d573331 |
||